Lebensbilder des sächsischen Adels
| Titel: | Lebensbilder des sächsischen Adels / Lars-Arne Dannenberg, Matthias Donath (Hrsg.) |
|---|---|
| Teil: | Band 3 |
| Veröffentlicht: | Bernstadt a. d. Eigen : Via Regia Verlag, 2018 |
| Umfang: | 192 Seiten : Illustrationen ; 24 cm |
| Format: | Buch |
| Sprache: | Deutsch |
| Schriftenreihe/ mehrbändiges Werk: |
Lebensbilder des sächsischen Adels / Lars-Arne Dannenberg, Matthias Donath (Hrsg.) ; Band 3 alle Bände anzeigen
Adel in Sachsen ; Band 11 Schriften der Historischen Kommission des Sächsischen Adels ; Band 1 |
| ISBN: | 9783944104218 |
| Hinweise zum Inhalt: |
Inhaltsverzeichnis
|
alg: 43660589 001A $06000:13-09-18 001B $00004:07-01-19 $t13:53:43.000 001D $00004:07-01-19 001U $0utf8 001X $00 002@ $0Afu 002C $aText $btxt $2rdacontent 002D $aohne Hilfsmittel zu benutzen $bn $2rdamedia 002E $aBand $bnc $2rdacarrier 003@ $0436605899 003O $01078341792 $aOCoLC 004A $A978-3-944104-21-8 $fBroschur 006G $01164105094 006H $0TOCNEUA1837 $2DNB 006U $018,A37 $f20180808 007A $01164105094 $aDNB 009P $qapplication/pdf $A2 $3Inhaltsverzeichnis $uhttp://d-nb.info/1164105094/04 $mB:DE-101 010@ $ager 010E $erda 011@ $a2018 017A $asf 033A $pBernstadt a. d. Eigen $nVia Regia Verlag 034D $a192 Seiten 034I $a24 cm 034M $aIllustrationen 036C $aLebensbilder des sächsischen Adels $x13 $hLars-Arne Dannenberg, Matthias Donath (Hrsg.) $lBand 3 036D $x13 $8Lebensbilder des sächsischen Adels / Lars-Arne Dannenberg ; Matthias Donath (Hrsg.) $9357044010 036E $aAdel in Sachsen $lBand 11 036E/01 $aSchriften der Historischen Kommission des Sächsischen Adels $lBand 1 045E $c943 lok: 43660589 24 exp: 43660589 24 1 #EPN 201B/01 $015-04-19 $t12:09:28.000 201C/01 $009-04-19 201U/01 $0utf8 203@/01 $01049794419 208@/01 $a15-04-19 $bz 209A/01 $a19.01915 $du $f050 $h19 01915 $x00 209C/01 $a19.01915 G $h19 01915 G 209G/01 $a74160018 $x00 220C/01 $ahae 247C/01 $8358050-7Marburg, Bibliothek des Herder-Instituts Marburg $9102600961 lok: 43660589 78 exp: 43660589 78 1 #EPN 201B/01 $022-03-24 $t13:58:07.000 201C/01 $022-03-24 201U/01 $0utf8 203@/01 $01258556553 208@/01 $a22-03-24 $be 209A/01 $a/ $f000 $x00 209A/01 $ab*p $x01 220C/01 $apgar 247C/01 $82080>Marburg/Lahn, Herder-Institut, Forschungsbibliothek, Bibliographieportal $9336309341 lok: 43660589 205 exp: 43660589 205 1 #EPN 201B/01 $007-01-19 $t13:53:43.000 201C/01 $007-12-18 201U/01 $0utf8 203@/01 $01035954389 208@/01 $a07-01-19 $bz 209A/01 $aET 2718 d, 11 $ds $f406 $x00 209B/01 $a80 $x05 209C/01 $aF 2018/393 247C/01 $8351406-7 <4/406>Marburg, Universität Marburg, Bibliothek des Hessischen Instituts für Landesgeschichte, Abt. Forschungsstelle für geschichtliche Landeskunde Mitteldeutschlands $9102595453
| LEADER | 00000cam a2200000 cc4500 | ||
|---|---|---|---|
| 001 | 436605899 | ||
| 003 | DE-603 | ||
| 005 | 20190107135343.0 | ||
| 007 | tu | ||
| 008 | 180913s2018 xx |||| | u00||u|ger | ||
| 015 | |a 18,A37 |2 dnb | ||
| 016 | 7 | |2 DE-101 |a 1164105094 | |
| 020 | |a 9783944104218 |c Broschur | ||
| 035 | |a (DE-599)DNB1164105094 | ||
| 035 | |a (OCoLC)1078341792 | ||
| 040 | |a DE-603 |b ger |c DE-603 |d DE-603 |e rda | ||
| 041 | |a ger | ||
| 084 | |a 943 |q DE-101 |2 sdnb | ||
| 090 | |a b | ||
| 245 | 0 | 0 | |a Lebensbilder des sächsischen Adels |n Band 3 |c Lars-Arne Dannenberg, Matthias Donath (Hrsg.) |
| 264 | 1 | |a Bernstadt a. d. Eigen |b Via Regia Verlag |c 2018 | |
| 300 | |a 192 Seiten |b Illustrationen |c 24 cm | ||
| 336 | |a Text |b txt |2 rdacontent | ||
| 337 | |a ohne Hilfsmittel zu benutzen |b n |2 rdamedia | ||
| 338 | |a Band |b nc |2 rdacarrier | ||
| 490 | 0 | |a Adel in Sachsen |v Band 11 | |
| 490 | 0 | |a Schriften der Historischen Kommission des Sächsischen Adels |v Band 1 | |
| 773 | 0 | 8 | |q 13 |w (DE-603)357044010 |
| 856 | 4 | 2 | |m B:DE-101 |q application/pdf |u http://d-nb.info/1164105094/04 |3 Inhaltsverzeichnis |
| 924 | 0 | |9 Mb 50 |a (DE-603)1049794419 |b DE-Mb50 |c HES |d c |g 19.01915 | |
| 924 | 0 | |9 2080 |a (DE-603)1258556553 |b DE-2080 |c HES |d d |g / | |
| 924 | 0 | |9 4/406 |a (DE-603)1035954389 |b DE-4-406 |c HES |d d |g ET 2718 d, 11 | |
alle Bände anzeigen

